| 000 | 00732cam a2200265 a 4500 | ||
|---|---|---|---|
| 001 | 496795 | ||
| 003 | OSt | ||
| 005 | 20140310182246.0 | ||
| 008 | 850207t19851983nyu 000 1 eng | ||
| 010 | _a 85003808 | ||
| 020 |
_a0860686205 _c$12.95 |
||
| 040 |
_aDLC _cDLC _dDLC |
||
| 050 | 0 | 0 |
_aPR 9369.3 _b.F84 1984 |
| 082 | 0 | 0 |
_aFIC _bF95r 1983 |
| 100 | 1 |
_aFugard, Sheila. _919517 |
|
| 245 | 1 | 2 |
_aA revolutionary woman / _cSheila Fugard. |
| 260 |
_aLondon : _bVirago Press, _cc1984. |
||
| 300 |
_a147 p. ; _c18 cm. |
||
| 541 | _j1 | ||
| 562 | _e1 | ||
| 650 | 0 |
_aWoman _xEngland _919525 |
|
| 650 | 0 |
_aWomen _zSouth Africa _xFiction. _919526 |
|
| 906 |
_a7 _bcbc _corignew _d1 _eocip _f19 _gy-gencatlg |
||
| 942 |
_2lcc _cBK-FIC |
||
| 999 |
_c11252 _d11252 |
||